| 000 | 00974nam0a22002531 4500 | ||
|---|---|---|---|
| 001 | rc\2726498 | ||
| 005 | 20250806202201.0 | ||
| 035 | _a(NLR Aleph) 006853965 | ||
| 090 |
_a7767 _c7767 |
||
| 100 | _a20110915d1943 u y0rusy50 ca | ||
| 101 | 0 | _arus | |
| 102 | _aRU | ||
| 105 | _aa z ||||| | ||
| 200 | 1 |
_aПамятка для печника-огнеупорщика _eУтв. Глав. упр. рабочих кадров Наркомстроя в качестве учеб. пособия для подготовки рабочих _fИнж. Я. Н. Зайцев |
|
| 210 |
_a[Москва] _cСтройиздат _d1943 |
||
| 215 |
_a40 с., без тит. л. _cчерт. _d22 см. |
||
| 700 | 1 |
_aЗайцев _bЯ.Н. _gЯков Николаевич |
|
| 801 | 0 |
_aRU _bNLR _gpsbo |
|
| 801 | 1 |
_aRU _bELAR _2rusmarc |
|
| 852 |
_aNLR _jТ80 Г-6/112 |
||
| 942 | _cBOOK | ||
| 945 | _aРоссийская национальная библиотека | ||
| 980 | _aNB | ||
| 980 | _aBV | ||